000 00416nam a2200181Ia 4500
001 19544
005 20260306172701.0
008 260306t2016||||xx |||||||||||||| ||spa||
041 _aESP
082 _a340.4
_bC17
100 _aCalvo González, José
_eAUT
245 0 _aJusticia constitucional y literatura
260 _c2016
300 _a
_c
650 _aGEN
654 _aCDE
942 _cLIB
_dJUS
_fJUS
_2ddc
_n
999 _c19544
_d19544